| 000 | 00366nam a2200157Ia 4500 | ||
|---|---|---|---|
| 008 | 220216s9999 xx 000 0 und d | ||
| 100 | _aVarghese Y.A. | ||
| 245 | 0 | _aRRII 417 um 422 um onnam vibhagathilekku | |
| 260 |
_bRubber _c2009 |
||
| 300 | _a9-Jun | ||
| 650 | _aRRII 417 | ||
| 650 | _aRRII 422 | ||
| 700 | _aJacob J | ||
| 700 | _aMydin K.K. | ||
| 942 | _cBS | ||
| 999 |
_c51943 _d51943 |
||